Primitivos do cinema português (Registo nº 201950)

Detalhes MARC
000 -Etiqueta do registo
Valores 00523nam 22001813 4500
100 ## - Dados gerais de processamento
Dados gerais 20260424d u||y0pory50 ba
200 ## - Titulo e menção de responsabilidade
Título próprio Primitivos do cinema português
Primeira menção de responsabilidade Fernando Duarte
210 ## - Publicação
Local de publicação Lisboa
Nome do editor Cinecultura
Data de publicação 1960
215 ## - Descrição física 
Paginação / Volumes 55 p.
Outras indicações físicas il. ; brochado
Dimensões 18 cm
225 ## - Colecção 
Título próprio da colecção Biblioteca do Cinema
Indicação de volume 2
606 ## - Nome comum usado como assunto
ID Autoridade 16666
Palavra de ordem Cinema. Filmes
675 ## - CDU
Notação 791(469)
Edição PT
Língua por
700 ## - Autor principal (pessoa individual)
ID Autoridade 15408
Apelido Duarte
Nome Fernando
801 ## - Fonte de origem
País PT
Agência BMMN
Regras de catalogação RPC
830 ## - Notas gerais do catalogador
Criado por Ana Falardo
Indexado por Ana Falardo
990 ## - Elementos KOHA
Tipo de documento Livro
Exemplares
Situação do levantamento Biblioteca de origem Código de barras Cota Permissão de empréstimo Tipo de documento Nota relativa ao exemplar Forma de aquisição
  Biblioteca Municipal de Montemor-o-Novo 31349 79 DUA|SAF   Livro Acesso Condicionado Oferta

Powered by Koha